000 00351nam a22001217a 4500
999 _c3283
_d3283
005 20201120123234.0
008 201120b ||||| |||| 00| 0 eng d
020 _a0713424435
040 _cCML
245 _aIntroducing Handbuilt Pottery.
_cJolly T.
260 _aU.S.A
_bWatson-Guptill
_c1974
942 _2ddc
_cBK
_e1st Edition
_h738
_mJOL